[Event "Ch Serbia (w)"]
[Site "Kac (Serbia)"]
[Date "2012.03.27"]
[Round "6"]
[White "Rakic Marija (SRB)"]
[Black "Manakova Maria (SRB)"]
[Result "1-0"]
[WhiteElo "2323"]
[BlackElo "2338"]

1.d4 d6 2.Nf3 Nd7 3.c4 e5 4.e4 exd4 5.Nxd4 g6 6.Nc3 Bg7 7.Be3 Ngf6 8.Be2 O-O
9.O-O Re8 10.f3 c6 11.Qd2 d5 12.cxd5 cxd5 13.Ndb5 dxe4 14.fxe4 a6 15.Nd6 Rf8
16.Rac1 Ne8 17.Nxf7 Rxf7 18.Rxf7 Kxf7 19.Bc4+ Ke7 20.Nd5+ Kf8 21.Nb6 Nc7
22.Nxa8 Nxa8 23.Qd5 Qf6 24.Rf1 {#r} 1-0

[Event "It (cat.6)"]
[Site "Budapest (Hungary)"]
[Date "2012.04.07"]
[Round "1"]
[White "Radziewicz Iweta (POL)"]
[Black "Bach Matthias (GER)"]
[Result "1-0"]
[WhiteElo "2410"]
[BlackElo "2263"]

1.d4 d6 2.c4 Nd7 3.e4 c5 4.d5 e5 5.dxe6 fxe6 6.Nc3 Be7 7.Qh5+ g6 8.Qh3 Ne5
9.f4 Nc6 10.Bd3 Bf6 11.Nge2 Nge7 12.O-O a6 13.e5 dxe5 14.Ne4 Nf5 15.fxe5 Bxe5
16.Bg5 Qc7 17.g4 Nfd4 18.N2c3 b6 19.Rae1 Bb7 20.Nd5 exd5 21.Nf6+ Kd8 22.Nxd5+
Kc8 23.Nxc7 Bxc7 24.Bf6 {#r} 1-0

[Event "Ch France (juniors) (under 18)"]
[Site "Nimes (France)"]
[Date "2012.04.16"]
[Round "4"]
[White "Domenech Vianney (FRA)"]
[Black "Sochacki Christophe (FRA)"]
[Result "0-1"]
[WhiteElo "2235"]
[BlackElo "2399"]

1.d4 d6 2.Bf4 g6 3.Nc3 Bg7 4.Qd2 Nd7 5.e4 c5 6.Nf3 cxd4 7.Nxd4 a6 8.Be3 b5
9.a4 bxa4 10.Bc4 Ngf6 11.f3 Nb6 12.Be2 Bd7 13.O-O e5 14.f4 exd4 15.Qxd4 Nc8
16.e5 Ng4 17.Bxg4 Bxg4 18.Qe4 Rb8 19.exd6+ Be6 20.d7+ Qxd7 21.Bc5 Nd6 22.Qf3
Qc7 23.Nxa4 O-O 24.Rad1 Rfd8 25.b4 Nb5 {#R} 0-1

[Event "It (open)"]
[Site "Fagernes (Norway)"]
[Date "2012.04.30"]
[Round "4"]
[White "Gandrud Vegar Koi (NOR)"]
[Black "Narciso Dublan Marc (ESP)"]
[Result "0-1"]
[WhiteElo "2266"]
[BlackElo "2551"]

1.d4 d6 2.Nf3 Bg4 3.c4 Bxf3 4.exf3 g6 5.g3 Bg7 6.Bg2 e6 7.f4 c6 8.O-O d5 9.c5
b6 10.b4 a5 11.Qd2 axb4 12.Bb2 Nd7 13.Qxb4 bxc5 14.dxc5 Bxb2 15.Qxb2 Qf6
16.Qxf6 Ngxf6 17.Rc1 Ra5 18.Nd2 Nxc5 19.Rab1 O-O 20.Rb6 Rxa2 21.Rxc5 Nd7 {#R}
0-1

[Event "It (open)"]
[Site "Ortisei (Italy)"]
[Date "2012.06.02"]
[Round "1"]
[White "Lasinskas Povilas (LTU)"]
[Black "Peralta Fernando (ARG)"]
[Result "0-1"]
[WhiteElo "2183"]
[BlackElo "2612"]

1.d4 d6 2.Bg5 g6 3.c4 Bg7 4.Nf3 c5 5.Nc3 cxd4 6.Nxd4 Nc6 7.e3 Qa5 8.Bh4 Nh6
9.f3 Nf5 10.Bf2 O-O 11.Qd2 Ncxd4 12.exd4 Bh6 13.Qd3 e5 14.d5 Nd4 15.g4 b5
16.cxb5 Bd7 17.b4 Qxb4 18.Rb1 Qa5 19.Kd1 Rac8 20.Bxd4 exd4 21.Ne4 f5 22.Nxd6
fxg4 23.Nxc8 Rxc8 24.d6 gxf3 25.h3 Bxb5 26.Qb3+ Kh8 {#R} 0-1

[Event "It "]
[Site "Golden Sands (Bulgaria)"]
[Date "2012.06.10"]
[Round "7"]
[White "Lupulescu Constantin (ROM)"]
[Black "Popchev Milko (BUL)"]
[Result "1-0"]
[WhiteElo "2618"]
[BlackElo "2434"]

1.d4 d6 2.Nf3 Bg4 3.c4 Bxf3 4.exf3 g6 5.Nc3 Bg7 6.h4 Nf6 7.g4 Nfd7 8.h5 e5
9.dxe5 dxe5 10.Be3 Nc6 11.Qd2 Nd4 12.O-O-O Nc5 13.Qe1 Nce6 14.f4 exf4 15.Bxd4
Bxd4 16.Nb5 c5 17.Nxd4 cxd4 18.hxg6 Qf6 19.gxh7 O-O-O 20.Bd3 Ng5 21.Qa5 Kb8
22.Qf5 Qxf5 23.Bxf5 {#r} 1-0

[Event "It (open)"]
[Site "Voronezh (Russia)"]
[Date "2012.06.19"]
[Round "7"]
[White "Lysyj Igor (RUS)"]
[Black "Tihonov Jurij (BLR)"]
[Result "0-1"]
[WhiteElo "2617"]
[BlackElo "2441"]

1.d4 d6 2.Nf3 g6 3.c4 Bg7 4.Nc3 Nd7 5.Bg5 f6 6.Bd2 e5 7.h4 Nh6 8.Qc1 Nf7 9.h5
f5 10.Ng5 Nf6 11.hxg6 hxg6 12.Rxh8+ Bxh8 13.e3 f4 14.Nxf7 Kxf7 15.d5 Bf5
16.exf4 Qe7 17.Be2 Re8 18.fxe5 Qxe5 19.Bf4 Qd4 20.Be3 Qh4 21.g3 Qh1+ 22.Kd2
Ne4+ 23.Nxe4 Qxe4 24.g4 Bd4 25.Qg1 Bc3+ {#R} 0-1

[Event "It (open)"]
[Site "Stockholm (Sweden)"]
[Date "2012.06.30"]
[Round "4"]
[White "Olund Joar (SWE)"]
[Black "Jakenberg Jussi (SWE)"]
[Result "1-0"]
[WhiteElo "2193"]
[BlackElo "2134"]

1.d4 d6 2.Nf3 Bg4 3.e4 Nf6 4.Nc3 c6 5.Be2 e6 6.Ng1 Bxe2 7.Qxe2 d5 8.e5 Nfd7
9.f4 c5 10.Nf3 Nc6 11.Be3 a6 12.f5 Be7 13.O-O-O c4 14.Nd2 Bg5 15.fxe6 fxe6
16.Qh5+ {#r} 1-0

[Event "Ch Central Serbia (open)"]
[Site "Paracin (Serbia)"]
[Date "2012.07.10"]
[Round "5"]
[White "Banovic Ivan (SRB)"]
[Black "Battey Alexander (USA)"]
[Result "0-1"]
[WhiteElo "2158"]
[BlackElo "2313"]

1.d4 d6 2.Nf3 Bg4 3.e4 Nf6 4.Bd3 Nc6 5.c3 e5 6.Be3 d5 7.Nbd2 exd4 8.cxd4 Bb4
9.e5 Ne4 10.Qa4 Bxf3 11.gxf3 Nxd2 12.Bxd2 Bxd2+ 13.Kxd2 Qh4 14.Ke3 O-O 15.f4
f6 16.e6 g5 17.f5 Qf4+ 18.Ke2 Nxd4+ 19.Kf1 Qf3 {#R} 0-1

[Event "It "]
[Site "Berlin (Germany)"]
[Date "2012.07.13"]
[Round "7"]
[White "Burger Heinrich (GER)"]
[Black "Gaerths Ronny (GER)"]
[Result "0-1"]
[WhiteElo "2127"]
[BlackElo "2225"]

1.d4 d6 2.Nf3 Bg4 3.Nbd2 Nf6 4.g3 Nbd7 5.Bg2 e5 6.c4 c6 7.Qc2 Be7 8.b3 O-O
9.Bb2 Qc7 10.O-O Rfe8 11.Rfe1 Bf8 12.dxe5 dxe5 13.e4 a5 14.a3 Bc5 15.Nf1 Bxf3
16.Bxf3 Nf8 17.Ne3 Ne6 18.Bg2 Bd4 19.Nf5 Bxb2 20.Qxb2 g6 21.Ne3 Rad8 22.b4 b6
23.Rad1 h5 24.h4 Nd4 25.b5 Ng4 26.Nc2 Nxc2 27.Qxc2 cxb5 28.Rc1 Rc8 {#R} 0-1

[Event "It (open)"]
[Site "Sitges (Spain)"]
[Date "2012.07.21"]
[Round "2"]
[White "Hjelmaas Lars (NOR)"]
[Black "Vorobiov Evgeny E (RUS)"]
[Result "0-1"]
[WhiteElo "2282"]
[BlackElo "2584"]

1.d4 d6 2.c4 e5 3.Nf3 Nd7 4.Nc3 g6 5.Bg5 f6 6.Bh4 Ne7 7.dxe5 dxe5 8.e4 c6
9.Qd6 Nf5 10.Qe6+ Be7 11.O-O-O Nxh4 12.Nxh4 Qb6 13.Qh3 Qxf2 14.Rd2 Qc5 15.Be2
Nf8 16.Nf5 Ne6 17.Qh6 Bf8 18.Qh4 Ng5 19.Rhd1 gxf5 20.Rd8+ Ke7 21.exf5 Qe3+
22.R1d2 Bg7 23.Rd3 Qf4 24.g4 Bxf5 25.Rd6 Rad8 {#R} 0-1

[Event "It "]
[Site "Helsingor (Denmark)"]
[Date "2012.08.01"]
[Round "6"]
[White "Brynell Stellan (SWE)"]
[Black "Bach Matthias (GER)"]
[Result "1-0"]
[WhiteElo "2485"]
[BlackElo "2263"]

1.d4 d6 2.c4 Nd7 3.Nc3 g6 4.Nf3 Bg7 5.g3 e5 6.Bg2 Ne7 7.O-O O-O 8.e4 Re8 9.h3
exd4 10.Nxd4 Nc5 11.Be3 Bd7 12.Qd2 Qc8 13.Kh2 a5 14.Rad1 a4 15.Rfe1 Be6
16.Nxe6 Nxe6 17.f4 c6 18.a3 Bf8 19.Qc2 b5 20.f5 gxf5 21.exf5 Nc5 22.cxb5 Nb3
23.bxc6 Nxf5 24.Bf2 Re5 25.Nd5 Ra5 26.c7 Nc5 27.Rxe5 dxe5 28.Nf6+ {#r} 1-0

[Event "It (open)"]
[Site "Vlissingen (Netherlands)"]
[Date "2012.08.05"]
[Round "3"]
[White "De Hert Oliver (NED)"]
[Black "Van Den Berg Ad (NED)"]
[Result "0-1"]
[WhiteElo "2019"]
[BlackElo "2194"]

1.d4 d6 2.c4 e5 3.dxe5 dxe5 4.Qxd8+ Kxd8 5.Nc3 Be6 6.e4 Nd7 7.Nf3 f6 8.Be3 Bb4
9.O-O-O Bxc3 10.bxc3 Ke7 11.Kb2 Nh6 12.h3 c5 13.Be2 Nf7 14.Rd2 Nd6 15.Bd3 Rhd8
16.Ka1 Bxc4 17.Bc2 Be6 18.Rb1 b6 19.Rbd1 Nc4 20.Rd3 Nxe3 21.fxe3 c4 22.Rd6 Nc5
23.Rxd8 Rxd8 24.Rxd8 Kxd8 25.Nd2 b5 26.Kb2 Kc7 {#R} 0-1

[Event "Memorial I.Zakharevich"]
[Site "Staraya Russa (Russia)"]
[Date "2012.08.07"]
[Round "9"]
[White "Kozlov Gennady (RUS)"]
[Black "Bogdanov Alexander (RUS)"]
[Result "1-0"]
[WhiteElo "2317"]
[BlackElo "2013"]

1.d4 d6 2.Nf3 Bg4 3.e4 g6 4.h3 Bxf3 5.Qxf3 Bg7 6.Bc4 e6 7.c3 Nd7 8.O-O Ngf6
9.Bg5 h6 10.Bh4 O-O 11.Nd2 g5 12.Bg3 Nxe4 13.Qxe4 {#r} 1-0

[Event "It (open)"]
[Site "Latschach (Austria)"]
[Date "2012.08.16"]
[Round "7"]
[White "Niederstatter Harald (ITA)"]
[Black "Dappiano Andrea (ITA)"]
[Result "0-1"]
[WhiteElo "2040"]
[BlackElo "2183"]

1.d4 d6 2.Nf3 Bg4 3.e3 Nf6 4.Be2 Nbd7 5.c4 e5 6.h3 Bh5 7.Nc3 Be7 8.O-O O-O
9.b4 Re8 10.a4 a5 11.b5 Bf8 12.Ba3 exd4 13.exd4 Nb6 14.Qd3 d5 15.c5 Nc4 16.Bc1
c6 17.Bf4 Ne4 18.Ne5 Nxe5 19.Bxe5 Bxe2 20.Nxe2 Nxc5 21.dxc5 Rxe5 22.bxc6 bxc6
23.Nd4 Qf6 24.Rfc1 Re4 25.Nf3 Rc4 26.Qb3 Bxc5 27.Qb7 Rf8 28.Qc7 Qb2 {#R} 0-1

[Event "Ch France (seniors)"]
[Site "Pau (France)"]
[Date "2012.08.25"]
[Round "11"]
[White "Grizou Regis (FRA)"]
[Black "Hoyer Hans-Gerd (FRA)"]
[Result "1-0"]
[WhiteElo "2125"]
[BlackElo "2021"]

1.d4 d6 2.Nf3 Bg4 3.c4 Nd7 4.e4 e5 5.Be2 Ngf6 6.Nc3 a5 7.Be3 Be7 8.O-O O-O
9.Qc2 c6 10.Rad1 Qc7 11.h3 Bxf3 12.Bxf3 b5 13.cxb5 cxb5 14.Rc1 Rac8 15.Qe2 Qc4
16.Nd5 Qxe2 17.Nxe7+ Kh8 18.Bxe2 Rce8 19.dxe5 Nxe5 20.Nf5 Nxe4 21.Bxb5 Re6
22.Nd4 Rf6 23.Nc6 Ng6 24.Nxa5 Rf5 25.a4 Re5 26.Nc6 {#r} 1-0

[Event "Ch Bosnia & Herzegovina (team) (1 liga) (a)"]
[Site "Neum (Bosnia & Herzegovina)"]
[Date "2012.08.29"]
[Round "7"]
[White "Pantic Bojan (BIH)"]
[Black "Tucakovic Mario (BIH)"]
[Result "0-1"]
[WhiteElo "2110"]
[BlackElo "2050"]

1.d4 d6 2.c4 e5 3.e4 Be7 4.f4 exd4 5.Qxd4 Nf6 6.Nf3 O-O 7.Be2 Re8 8.Nc3 b6
9.Be3 Bb7 10.O-O-O Bf8 11.Nd2 c5 12.Qd3 Nc6 13.Bf3 Nb4 14.Qe2 b5 15.e5 Bxf3
16.Nxf3 Qa5 17.exf6 Nxa2+ 18.Nxa2 Qxa2 19.Nd2 Rab8 20.Rde1 bxc4 21.Nxc4 Rb4
22.Na3 Rxe3 23.Qf2 Rxa3 {#R} 0-1

[Event "Cup R.Nezhmetdinov (open)"]
[Site "Kazan (Russia)"]
[Date "2012.09.29"]
[Round "4"]
[White "Timofeev Artyom (RUS)"]
[Black "Merkushev Dmitry (RUS)"]
[Result "1-0"]
[WhiteElo "2598"]
[BlackElo "2110"]

1.d4 d6 2.c4 e5 3.Nf3 e4 4.Ng5 f5 5.h4 Nf6 6.Nc3 Be7 7.Nh3 O-O 8.Bg5 c6 9.Nf4
Ng4 10.Bxe7 Qxe7 11.e3 Rf6 12.Be2 Rh6 13.Bxg4 fxg4 14.Nfe2 Rxh4 15.Rxh4 Qxh4
16.Ng3 Qh2 17.Ncxe4 h5 18.Qd3 Qg1+ 19.Nf1 Bf5 20.Nf6+ gxf6 21.Qxf5 Na6
22.O-O-O Qxg2 23.Ng3 h4 24.Qg6+ Kf8 25.Nf5 {#r} 1-0

[Event "It (cat.9)"]
[Site "Copenhagen (Denmark)"]
[Date "2012.10.16"]
[Round "9"]
[White "Andersen Mads (DEN)"]
[Black "Danielsen Henrik (ISL)"]
[Result "1-0"]
[WhiteElo "2464"]
[BlackElo "2507"]

1.d4 d6 2.Nf3 Bg4 3.c4 Bxf3 4.exf3 g6 5.Nc3 Bg7 6.Be2 c6 7.Be3 Nf6 8.g4 e5
9.dxe5 dxe5 10.Qxd8+ Kxd8 11.O-O-O+ Kc7 12.f4 Nbd7 13.g5 Ne8 14.Rd2 b6 15.Rhd1
Rd8 16.c5 f5 17.cxb6+ axb6 18.Na4 b5 19.Nc5 {#r} 1-0

[Event "Memorial M.Chigorin (open)"]
[Site "St. Petersburg (Russia)"]
[Date "2012.10.27"]
[Round "1"]
[White "Torlopov Nikita (RUS)"]
[Black "Hovhannisyan Robert (ARM)"]
[Result "0-1"]
[WhiteElo "2204"]
[BlackElo "2615"]

1.d4 d6 2.c4 e5 3.d5 Nd7 4.Nc3 a5 5.Nf3 g6 6.g3 Bg7 7.Bg2 f5 8.e4 Ngf6 9.exf5
gxf5 10.Nh4 Nc5 11.Bh3 f4 12.Bf5 O-O 13.Qc2 Bxf5 14.Nxf5 Qd7 15.Nxg7 Qxg7
16.O-O Kh8 17.Kh1 Qd7 18.Rg1 f3 19.Qd1 Qh3 20.Qf1 Ng4 {#R} 0-1

[Event "Ch World (juniors) (under 16)"]
[Site "Maribor (Slovenia)"]
[Date "2012.11.12"]
[Round "5"]
[White "Kvetny Mark (GER)"]
[Black "Fang Yan (CHN)"]
[Result "0-1"]
[WhiteElo "2201"]
[BlackElo "2309"]

1.d4 d6 2.Nf3 Bg4 3.e4 Nd7 4.c4 e5 5.d5 f5 6.h3 Bxf3 7.Qxf3 fxe4 8.Qxe4 g6
9.Nc3 Bh6 10.Be2 Bxc1 11.Rxc1 Nh6 12.O-O O-O 13.Qc2 Nf5 14.Qd2 Qe7 15.Rce1 Qg7
16.Bd3 Rae8 17.Bc2 Nf6 18.f4 Ng3 19.Rf3 Nfh5 20.fxe5 Rxf3 21.gxf3 Rxe5 22.Ne4
Nxe4 23.Rxe4 Rxe4 24.Bxe4 Qe5 25.Qf2 Nf4 26.Qxa7 Qxb2 27.Qb8+ Kg7 28.Qxc7+ Kh6
{#R} 0-1

[Event "Tournament (team) "]
[Site "Petroupolis (Greece)"]
[Date "2012.11.21"]
[Round "3"]
[White "Kesoglou Konstantinos (GRE)"]
[Black "Hamaletsos Hristoforos (GRE)"]
[Result "1-0"]
[WhiteElo "2080"]
[BlackElo "2178"]

1.d4 d6 2.Nf3 Bg4 3.e4 Nf6 4.Nc3 a6 5.h3 Bh5 6.Be2 Nbd7 7.O-O e5 8.Re1 h6
9.Be3 Be7 10.Nd2 Bxe2 11.Qxe2 c6 12.f4 b5 13.a3 a5 14.d5 cxd5 15.Nxd5 Nxd5
16.exd5 Qb8 17.fxe5 dxe5 18.Ne4 Qb7 19.Qf3 Rb8 20.Qg3 g6 21.Rad1 Rc8 22.d6
Qxe4 23.dxe7 Qc6 24.Rd2 Qe6 25.Red1 Rc7 26.Qf3 Kxe7 27.Rxd7+ {#r} 1-0

[Event "Extraliga 2012/13"]
[Site "Slovakia"]
[Date "2012.11.24"]
[Round "3"]
[White "Cernousek Lukas (CZE)"]
[Black "Pacher Milan (SVK)"]
[Result "1-0"]
[WhiteElo "2450"]
[BlackElo "2436"]

1.d4 d6 2.Nf3 Bg4 3.e4 Nf6 4.Nc3 Nbd7 5.h3 Bxf3 6.Qxf3 e5 7.Be3 Be7 8.g4 O-O
9.O-O-O c6 10.g5 Ne8 11.h4 b5 12.Bh3 b4 13.Ne2 a5 14.Kb1 a4 15.h5 Ra5 16.g6
Nc7 17.gxh7+ Kh8 18.Rdg1 Ne6 19.Qg2 Bf6 20.h6 g5 21.Bxe6 fxe6 22.f4 exd4
23.fxg5 Bxg5 24.Nxd4 Qf6 25.Bxg5 {#r} 1-0

[Event "It (open)"]
[Site "Groningen (Netherlands)"]
[Date "2012.12.29"]
[Round "8"]
[White "Dehn Marcus (GER)"]
[Black "Arslanov Shamil (RUS)"]
[Result "0-1"]
[WhiteElo "2105"]
[BlackElo "2386"]

1.d4 d6 2.Nf3 g6 3.Bf4 Bg7 4.c3 Nf6 5.h3 O-O 6.e3 Nc6 7.Be2 Nd7 8.d5 Nce5 9.h4
c6 10.h5 Qb6 11.hxg6 hxg6 12.Bh6 Qxb2 13.Bxg7 Kxg7 14.Qd4 Nf6 15.Qh4 Neg4
16.Nd4 Bd7 17.Qg5 Rh8 18.Rh3 Qxa1 19.Bd3 Ne5 20.Bf5 Rxh3 21.gxh3 c5 {#R} 0-1

[Event "It (cat.2)"]
[Site "Augsburg (Germany)"]
[Date "2013.01.01"]
[Round "6"]
[White "De Francesco Klaus (GER)"]
[Black "Hausner Ivan (CZE)"]
[Result "0-1"]
[WhiteElo "2244"]
[BlackElo "2378"]

1.d4 d6 2.Nf3 Bg4 3.Qd3 c6 4.c4 Nd7 5.Nbd2 e5 6.g3 Ngf6 7.Bg2 Bxf3 8.Bxf3 Be7
9.O-O O-O 10.Bg2 exd4 11.Qxd4 Nc5 12.Qc3 d5 13.Qc2 d4 14.Re1 Re8 15.Bf1 Qb6
16.Qf5 Rad8 17.Nf3 Nce4 18.Rd1 Bc5 19.Rd3 Nd6 20.Qh3 Nxc4 21.Bg5 Be7 22.Rc1
Nd6 23.Rxd4 Nde4 24.Be3 Qxb2 25.Rcd1 Rxd4 26.Bxd4 Qxa2 27.Ra1 Qd5 28.Rxa7 Bc5
{#R} 0-1

[Event "It "]
[Site "New Delhi (India)"]
[Date "2013.01.06"]
[Round "3"]
[White "Sachdev Tania (IND)"]
[Black "Dzhumaev Marat (UZB)"]
[Result "0-1"]
[WhiteElo "2243"]
[BlackElo "2557"]

1.d4 d6 2.c4 e5 3.Nf3 e4 4.Ng5 f5 5.g3 Be7 6.Nh3 Nf6 7.Bg2 O-O 8.O-O c6 9.Nc3
Kh8 10.d5 Nbd7 11.b3 Ne5 12.Kh1 Bd7 13.a4 cxd5 14.cxd5 Rc8 15.Bb2 Qa5 16.Rc1
Nfg4 17.Nb1 {#R} 0-1

[Event "Cup PSC (open)"]
[Site "Manila (Philippines)"]
[Date "2013.01.17"]
[Round "6"]
[White "San Diego Marie Antoinette (PHI)"]
[Black "Jose Ru"]
[Result "0-1"]
[WhiteElo "2005"]
[BlackElo "2026"]

1.d4 d6 2.Nf3 Bg4 3.e4 Nf6 4.Nc3 Nbd7 5.Be2 e6 6.Be3 Be7 7.O-O O-O 8.Nd2 Bxe2
9.Qxe2 c5 10.d5 Nb6 {#R} 0-1

[Event "It (cat.6)"]
[Site "Marianske Lazne (Czech Republic)"]
[Date "2013.01.26"]
[Round "9"]
[White "Bhakti Kulkarni (IND)"]
[Black "Chernyshov Konstantin (RUS)"]
[Result "0-1"]
[WhiteElo "2339"]
[BlackElo "2520"]

1.d4 d6 2.Nf3 Bg4 3.Nbd2 e6 4.e3 Nf6 5.Bd3 c5 6.O-O cxd4 7.exd4 Be7 8.c3 Nc6
9.Re1 O-O 10.h3 Bh5 11.Nf1 Bg6 12.Bxg6 hxg6 13.Bg5 d5 14.N1d2 Qb6 15.Qb3 Qa6
16.a4 b6 17.Ne5 Qc8 18.Qb5 Na5 19.Rac1 Qb7 20.Qd3 Rac8 21.Rc2 Bd6 22.Bxf6 gxf6
23.Nxg6 fxg6 24.Rxe6 Rcd8 25.Qxg6+ Qg7 26.Qf5 Qh7 27.Qg4+ Kf7 28.Rc1 Rg8 {#R}
0-1

[Event "It (open) "]
[Site "Gibraltar (England)"]
[Date "2013.01.27"]
[Round "6"]
[White "Ju Wenjun (CHN)"]
[Black "Gromovs Sergejs (ITA)"]
[Result "1-0"]
[WhiteElo "2518"]
[BlackElo "2148"]

1.d4 d6 2.Nf3 Bg4 3.e4 e6 4.Be3 Nf6 5.Nbd2 Be7 6.h3 Bh5 7.Bd3 d5 8.O-O O-O
9.c3 b6 10.exd5 exd5 11.Qc2 Bg6 12.Ne5 Bxd3 13.Qxd3 Nfd7 14.Rad1 f6 15.Nef3
Re8 16.Rfe1 Nf8 17.Bf4 Qd7 18.Re2 Ne6 19.Bg3 Bd6 20.Rde1 Bxg3 21.fxg3 g6
22.Nh2 Nc6 23.Ng4 Kg7 24.Qe3 g5 25.Qf3 f5 26.Qxf5 {#r} 1-0

[Event "Cup Governor's (active) (KO-system)"]
[Site "Moscow (Russia)"]
[Date "2013.02.23"]
[Round "4"]
[White "Agapov Sergey (RUS)"]
[Black "Apryshko Gleb (RUS)"]
[Result "1-0"]
[WhiteElo "2265"]
[BlackElo "2309"]

1.d4 d6 2.Bg5 g6 3.h4 h6 4.Bf4 Bg7 5.Nf3 e6 6.Qd2 Ne7 7.e4 Nd7 8.Nc3 a6
9.O-O-O b5 10.Bd3 Bb7 11.g4 b4 12.Ne2 Nf6 13.Ng3 Nxg4 14.Qxb4 Qc8 15.Qd2 e5
16.dxe5 dxe5 17.Be3 Nxe3 18.Qxe3 h5 19.Qc5 Nc6 20.Bc4 Qg4 21.Ng5 Bh6 22.Bxf7#
1-0

[Event "It (open)"]
[Site "Zagreb (Croatia)"]
[Date "2013.03.02"]
[Round "6"]
[White "Djurovic Goran (CRO)"]
[Black "Basaric Srdjan (CRO)"]
[Result "1-0"]
[WhiteElo "2408"]
[BlackElo "2169"]

1.d4 d6 2.Nf3 Bg4 3.e4 Nf6 4.Nc3 e6 5.h3 Bh5 6.Qe2 a6 7.Bg5 Be7 8.g4 Bg6 9.h4
h5 10.Bxf6 Bxf6 11.g5 Be7 12.O-O-O Nd7 13.Bh3 c6 14.Nd2 d5 15.f4 dxe4 16.Ndxe4
Bxe4 17.Qxe4 Nf8 18.f5 Qd6 19.Rhe1 O-O-O 20.fxe6 f6 21.gxf6 gxf6 22.d5 c5
23.Qf5 Qg3 24.Ne4 Qxh4 25.d6 Re8 {#r} 1-0

[Event "It "]
[Site "Skopje (Macedonia)"]
[Date "2013.03.14"]
[Round "7"]
[White "Nenezic Marko (SRB)"]
[Black "Ilic Ljubomir (MKD)"]
[Result "1-0"]
[WhiteElo "2417"]
[BlackElo "2195"]

1.d4 d6 2.Nf3 Bg4 3.c4 Nd7 4.Nc3 Bxf3 5.exf3 c5 6.d5 g6 7.f4 Bg7 8.Bd3 Ngf6
9.Qe2 O-O 10.f5 a6 11.O-O Re8 12.f4 Nf8 13.fxg6 hxg6 14.f5 gxf5 15.Bxf5 e6
16.dxe6 fxe6 17.Bc2 b6 18.Bg5 Ra7 19.Ne4 Rf7 20.Nxf6+ Bxf6 21.Bxf6 Rxf6
22.Qg4+ Kh8 23.Qh5+ {#r} 1-0

[Event "Ch City"]
[Site "Subotica (Serbia)"]
[Date "2013.05.29"]
[Round "8"]
[White "Scepanovic Labud (SRB)"]
[Black "Pardic Oliver (SRB)"]
[Result "0-1"]
[WhiteElo "2164"]
[BlackElo "2258"]

1.d4 d6 2.Nf3 Bg4 3.e4 e5 4.Bc4 exd4 5.c3 Bxf3 6.Qxf3 Nf6 7.cxd4 Nc6 8.Be3 Be7
9.Nc3 O-O 10.O-O a6 11.Rad1 Nd7 12.Qh3 Kh8 13.Bb3 Na5 14.e5 Nxb3 15.axb3 f5
16.Nd5 Rc8 17.Nf4 Qe8 18.Ne6 Rf7 19.Bg5 dxe5 20.d5 Kg8 21.Qh5 h6 22.Bxe7 {#R}
0-1

[Event "It (open)"]
[Site "Pula (Croatia)"]
[Date "2013.06.09"]
[Round "2"]
[White "Hajek Lukas (CZE)"]
[Black "Romero Holmes Alfonso (ESP)"]
[Result "0-1"]
[WhiteElo "2124"]
[BlackElo "2522"]

1.d4 d6 2.Nf3 Bg4 3.c4 g6 4.g3 Bxf3 5.exf3 Bg7 6.Nc3 Nd7 7.Bg2 e6 8.f4 Qc8
9.O-O Ne7 10.Be3 Nf5 11.Qd3 O-O 12.Rfd1 a6 13.Rac1 Rb8 14.Rc2 c6 15.d5 exd5
16.cxd5 c5 17.a4 c4 18.Qe2 b5 19.axb5 axb5 20.Na2 Nxe3 21.fxe3 Qc5 22.Bf1 Rfe8
23.Kf2 Nf6 24.Bg2 Rxe3 {#R} 0-1

[Event "It (open)"]
[Site "Teplice (Czech Republic)"]
[Date "2013.06.17"]
[Round "3"]
[White "Kristiansen Jens (DEN)"]
[Black "Thestrup Sixten (DEN)"]
[Result "1-0"]
[WhiteElo "2407"]
[BlackElo "2153"]

1.d4 d6 2.Nf3 Bg4 3.e4 Nf6 4.Nbd2 Nbd7 5.h3 Bxf3 6.Qxf3 e5 7.dxe5 dxe5 8.Bc4
Be7 9.O-O O-O 10.Rd1 c6 11.Nf1 b5 12.Bb3 Qc7 13.Ng3 Nc5 14.Bg5 a5 15.a4 Rad8
16.Rxd8 Rxd8 17.Nf5 Ncxe4 18.Nxe7+ Qxe7 19.Qxe4 {#r} 1-0

[Event "It (open)"]
[Site "Srebrno Jezero (Serbia)"]
[Date "2013.06.18"]
[Round "7"]
[White "Tosic Miroslav (SRB)"]
[Black "Stojanovic Andjelija (SRB)"]
[Result "1-0"]
[WhiteElo "2404"]
[BlackElo "2293"]

1.d4 d6 2.Nf3 g6 3.g3 Bg7 4.Bg2 Nd7 5.O-O e5 6.e4 Ne7 7.c3 O-O 8.Nbd2 h6
9.dxe5 Nxe5 10.Nxe5 dxe5 11.Qe2 Be6 12.Rd1 Qe8 13.Nb3 Qc6 14.Be3 Rfe8 15.Rac1
a5 16.f4 h5 17.Nc5 b5 18.Nb3 Rab8 {#r} 1-0

[Event "It "]
[Site "Hamburg (Germany)"]
[Date "2013.07.13"]
[Round "9"]
[White "Meier David-Geffrey (GER)"]
[Black "Ziller Christian (GER)"]
[Result "1-0"]
[WhiteElo "2171"]
[BlackElo "2071"]

1.d4 d6 2.c4 e5 3.Nf3 Bg4 4.dxe5 Bxf3 5.gxf3 dxe5 6.Qxd8+ Kxd8 7.Nc3 c6 8.f4
Bd6 9.fxe5 Bxe5 10.Bd2 f5 11.O-O-O Kc7 12.f4 Bf6 13.e4 Nh6 14.exf5 Nxf5 15.Ne4
Be7 16.Bc3 b6 17.Rg1 Rg8 18.Bh3 Ne3 19.Rde1 {#r} 1-0

[Event "It "]
[Site "Jerusalem (Israel)"]
[Date "2013.07.23"]
[Round "3"]
[White "Mindlin Alon (ISR)"]
[Black "Battaglini Gabriel (FRA)"]
[Result "0-1"]
[WhiteElo "2301"]
[BlackElo "2419"]

1.d4 d6 2.c4 e5 3.d5 f5 4.Nc3 Nf6 5.Nf3 a5 6.g3 Be7 7.a3 Nbd7 8.Bh3 Nc5 9.Qc2
O-O 10.Rb1 a4 11.Bg2 Qe8 12.Be3 e4 13.Nd2 Ng4 14.Bxc5 dxc5 15.e3 Bg5 16.Nb5
Bxe3 17.fxe3 Nxe3 18.Qc3 Nxg2+ 19.Kf1 f4 20.Kxg2 Bh3+ 21.Kg1 e3 22.Nxc7 Qg6
23.Nxa8 fxg3 {#R} 0-1

[Event "It (open)"]
[Site "Liberec (Czech Republic)"]
[Date "2013.07.25"]
[Round "7"]
[White "Budrewicz Krzysztof (POL)"]
[Black "Taborsky Rostislav (CZE)"]
[Result "1-0"]
[WhiteElo "2257"]
[BlackElo "2270"]

1.d4 d6 2.Nf3 Bg4 3.e4 Nf6 4.Nc3 e6 5.h3 Bh5 6.g4 Bg6 7.Qe2 a6 8.Bg2 Be7 9.O-O
c6 10.e5 Nfd7 11.Ne4 {#r} 1-0